Central Library || Chittagong University

শিক্ষা ও শিক্ষাদর্শন / (Record no. 112934)

MARC details
000 -LEADER
fixed length control field 00685nam a22001937a 4500
003 - CONTROL NUMBER IDENTIFIER
control field BD-ChCU
005 - DATE AND TIME OF LATEST TRANSACTION
control field 20260513102928.0
008 - FIXED-LENGTH DATA ELEMENTS--GENERAL INFORMATION
fixed length control field 260513b bg ||||| |||| 00| 0 ben d
020 ## - INTERNATIONAL STANDARD BOOK NUMBER
International Standard Book Number 9789848800645
040 ## - CATALOGING SOURCE
Transcribing agency BD-ChCU
082 ## - DEWEY DECIMAL CLASSIFICATION NUMBER
Edition number 23
Classification number ৩৭০.১ রহ৫শি
100 ## - MAIN ENTRY--PERSONAL NAME
Personal name রহমান, মোঃ মজিবুর।
9 (RLIN) 22903
245 ## - TITLE STATEMENT
Title শিক্ষা ও শিক্ষাদর্শন /
Statement of responsibility, etc. মোঃ মজিবুর রহমান।
260 ## - PUBLICATION, DISTRIBUTION, ETC.
Place of publication, distribution, etc. ঢাকাঃ
Name of publisher, distributor, etc. অবসর,
Date of publication, distribution, etc. ২০২১
300 ## - PHYSICAL DESCRIPTION
Extent ৪৫৪ পৃ.
504 ## - BIBLIOGRAPHY, ETC. NOTE
Bibliography, etc. note সম্বলিত।
650 #0 - SUBJECT ADDED ENTRY--TOPICAL TERM
Topical term or geographic name entry element শিক্ষা- দর্শন ।
9 (RLIN) 22906
942 ## - ADDED ENTRY ELEMENTS (KOHA)
Source of classification or shelving scheme Dewey Decimal Classification
Koha item type Books
Suppress in OPAC No
Holdings
Withdrawn status Lost status Source of classification or shelving scheme Damaged status Not for loan Home library Current library Shelving location Date acquired Source of acquisition Total Checkouts Full call number Barcode Date last seen Copy number Price effective from Koha item type
    Dewey Decimal Classification     Chittagong University Library Chittagong University Library Business and Social Science Reading Room 05/13/2026 purchase   ৩৭০.১ রহ৫শি 334860 05/13/2026 ক-১ 05/13/2026 Books
    Dewey Decimal Classification     Chittagong University Library Chittagong University Library Business and Social Science Reading Room 05/13/2026 purchase   ৩৭০.১ রহ৫শি 334861 05/13/2026 ক-২ 05/13/2026 Books
    Dewey Decimal Classification     Chittagong University Library Chittagong University Library Business and Social Science Reading Room 05/13/2026 purchase   ৩৭০.১ রহ৫শি 334862 05/13/2026 ক-৩ 05/13/2026 Books
© Copyright 2026. Chittagong University Library, Installation and Maintenance by Prof. Dr. Md. Alamgir, 01711306253